• 首页
  • 本馆介绍
  • 公告通知
  • 最新文献
  • 馆藏检索
  • 电子资源
  • 读者导购
  • 参考咨询
  • 我的图书馆
  • 登录
  • 详细信息显示
  • 放入我的书架
  • 预约/预借图书
  • 作者相关作品
  • 分类相关作品
  • 丛书相关作品
  • 出版社相关作品

书目信息

  • 表格格式
  • 工作单格式
  • 卡片格式
题名:
我爱问连岳
    
 
作者: 连岳 著
分册: II  
出版信息: 北京   作家出版社  2014
页数: 424页
开本: 21cm
丛书名:
单 册:
中图分类: I267.5
科图分类:
主题词: 书信集--Shu Xin Ji--中国--当代 , 中国--Zhong Guo
电子资源:
ISBN: 978-7-5063-7418-7
000 00695nam0 22002411 450
001 0121113029
005 20161122154416.56
010    @a978-7-5063-7418-7@dCNY35.00
100    @a20141020d2014 em y0chiy50 ea
101 0  @achi
102    @aCN@b110000
105    @ay z 000ey
106    @ar
200 1  @a我爱问连岳@AWo Ai Wen Lian Yue@hII@dI ask lian yeah!@hTwo@f连岳著@zeng
210    @a北京@c作家出版社@d2014
215    @a424页@d21cm
510 1  @aI ask lian yeah!@hTwo@zeng
606 0  @a书信集@AShu Xin Ji@y中国@z当代
606 0  @a中国@AZhong Guo
690    @aI267.5@v5
701  0 @a连岳@ALian Yue@4著
801  0 @aCN@bTANGWEI@c20161117
905    @b0897866-70@dI267.5@e1985:2@f5
    
    我爱问连岳.II=I ask lian yeah!.Two/连岳著.-北京:作家出版社,2014
    424页;21cm
    
    
    ISBN 978-7-5063-7418-7:CNY35.00
    
●
相关链接 在E读中查询图书 在五车中查询图书 在当当中查询图书 在豆瓣中查询图书


正题名:我爱问连岳     索取号:I267.5/1985:2         预约/预借

序号 登录号 条形码 馆藏地/架位号 状态 备注
1 0897866   208978668   第一样本阅览室/ [索取号:I267.5/1985:2] 在馆    
2 0897867   208978677   教育系资料室/ [索取号:I267.5/1985:2] 在馆    
3 0897868   208978686   教育系资料室/ [索取号:I267.5/1985:2] 在馆    
4 0897869   208978695   第二借阅区/ [索取号:I267.5/1985:2] 在馆    
5 0897870   208978702   第二借阅区/ [索取号:I267.5/1985:2] 在馆    
唐山师范学院图书馆 欢迎您!
大连网信软件有限公司© 版权所有